00270nam a22001097a 4500020001800000082001600018100001700034245004100051260002700092300001000119650003100129 a9780340931745 a823.008 BLY aBlyton, Enid aFamous five:five go to billcock hill aNEW YORKbHODDERc2001 a205 P aENGLISH LITERATURE-STORIES